004510000a2200157000450000500170000094200090001710000120002624500340003826000440007230000110011604000080012736500120013565000410014799900190018895200860020720120302064638.0 cBOOK a abc a Mirajetil Hindu Poojasthane. aMiraj : Sudhakar Shreedhar Datar, 1993. a162 p. amar bRs.60/- aDevsthane / Mirajetil / Poojasthane. c362697d362694 00104070aIOSbIOSd2009-12-02l0pIOS-M 23751r2009-12-02 00:00:00w2009-12-02